| Tag |
First Indicator |
Second Indicator |
Subfields |
| LEADER |
00000cjm a2200000Ia 4500 |
| 001 |
in00001666913 |
| 005 |
20151024122228.0 |
| 007 |
sd fsngnn---ee |
| 008 |
020321p19951956caujzn f d |
| 024 |
1 |
|
|a 025218612326
|
| 028 |
0 |
2 |
|a OJCCD-123-2
|b Prestige
|
| 028 |
0 |
0 |
|a 7033
|b Prestige
|
| 028 |
0 |
0 |
|a P-7033
|b Prestige
|
| 033 |
0 |
|
|a 19560113
|b 3814
|c E26
|
| 035 |
|
|
|a (OCoLC)ocm49363123
|
| 040 |
|
|
|a TXA
|c TXA
|d UtOrBLW
|
| 048 |
|
|
|a bb01
|a wi02
|a bd01
|a ka01
|a sd01
|a pd01
|
| 049 |
|
|
|a TXAM
|
| 090 |
|
|
|a M1366.E26
|b J65 1995
|
| 100 |
1 |
|
|a Eardley, Jon,
|e performer.
|
| 245 |
1 |
4 |
|a The Jon Eardley Seven /
|c Jon Eardley.
|
| 264 |
|
1 |
|a Berkeley, CA :
|b Prestige Records :
|b Fantasy, Inc.,
|c [1995]
|
| 264 |
|
4 |
|c ©1995
|
| 300 |
|
|
|a 1 sound disc :
|b digital, stereo. ;
|c 4 3/4 in.
|
| 306 |
|
|
|a 000456
|a 000544
|a 000800
|a 000513
|a 000547
|a 000514
|
| 336 |
|
|
|a performed music
|b prm
|2 rdacontent
|
| 337 |
|
|
|a audio
|b s
|2 rdamedia
|
| 338 |
|
|
|a audio disc
|b sd
|2 rdacarrier
|
| 490 |
1 |
|
|a Original jazz classics
|
| 500 |
|
|
|a Compact disc.
|
| 511 |
0 |
|
|a Jon Eardley, trumpet ; Zoot Sims, tenor saxophone ; Phil Woods, alto saxophone ; Milt Gold, trombone ; George Syran, piano ; Teddy Kotick, bass ; Nick Stabulas, drums.
|
| 518 |
|
|
|a Recorded in Hackensack, NJ, January 13, 1956.
|
| 538 |
|
|
|a Analog recording, digitally remastered.
|
| 500 |
|
|
|a Previously released; additional manufacturer nos. on container: Prestige 7033; P-7033.
|
| 500 |
|
|
|a Notes by Ira Gitler inserted in container.
|
| 505 |
0 |
|
|a Leap year / George Syran (4:56) -- There's no you / Adair, Hopper (5:44) -- On the minute / Jon Eardley (8:00) -- Ladders / Eardley (5:13) -- Koo koo / Eardley (5:47) -- Eard's word / Phil Woods (5:14).
|
| 500 |
|
|
|a Sound recording.
|
| 650 |
|
0 |
|a Jazz
|y 1951-1960.
|
| 700 |
1 |
|
|a Sims, Zoot,
|e performer.
|
| 700 |
1 |
|
|a Woods, Phil.,
|e performer.
|
| 700 |
1 |
|
|a Gold, Milt,
|e performer.
|
| 700 |
1 |
|
|a Syran, George,
|e performer.
|
| 700 |
1 |
|
|a Kotick, Teddy,
|e performer.
|
| 700 |
1 |
|
|a Stabulas, Nick,
|e performer.
|
| 710 |
2 |
|
|a Fantasy Records.
|
| 830 |
|
0 |
|a Original jazz classics.
|
| 994 |
|
|
|a E0
|b TXA
|
| 948 |
|
|
|a cataloged
|b h
|c 2002/3/21
|d o
|e fpiscitelli
|f 6:38:08 pm
|
| 999 |
|
|
|a MARS
|
| 999 |
f |
f |
|s b1405f4d-5f42-3425-9cc9-16a498e12b7b
|i 391ee463-7ae6-3063-9536-f2d7c0417479
|t 0
|
| 952 |
f |
f |
|p ric
|a Texas A&M University
|b Rellis Campus
|c Joint Library Facility
|d Remote Storage
|t 0
|e M1366.E26 J65 1995
|h Library of Congress classification
|i audio -- audio disc
|m A14828805756
|
| 998 |
f |
f |
|a M1366.E26 J65 1995
|t 0
|l Remote Storage
|